Statystyki dla Odmiana czasowników nieregularnych w angielskim

Kliknij tutaj aby rozwiązać quiz!

Ogólne statystyki

  • Ten quiz został rozwiązany 150 razy
  • Średni wynik to 73 z 120

Statystyki odpowiedzi

CzasownikOdpowiedż% Poprawnych
płacićpay
88%
biecrun
87%
czytaćread
86%
uczyć sięlearn
85%
czytaćread
85%
czytaćread
85%
spotykać,
poznawać
meet
82%
śpiewaćsing
82%
pływaćswim
82%
robićmake
81%
spotykać,
poznawać
met
80%
spotykać,
poznawać
met
80%
biecrun
80%
spaćsleep
80%
uczyć sięlearnt / learned
79%
biecran
79%
robićmade
78%
płacićpaid
78%
płacićpaid
78%
pływaćswam
78%
uczyć sięlearnt / learned
77%
robićmade
77%
śpiewaćsang
77%
sprzedawaćsell
76%
powiedziećsay / tell
75%
widziećsee
75%
siedziećsit
75%
opuszczać, zostawiaćleave
74%
spaćslept
73%
spaćslept
73%
śpiewaćsung
72%
powiedziećsaid / told
71%
powiedziećsaid / told
71%
widziećsaw
71%
sprzedawaćsold
71%
sprzedawaćsold
71%
gubić, tracićlost
69%
gubić, tracićlost
69%
siedziećsat
69%
pływaćswum
69%
wygrywaćwin
69%
siedziećsat
68%
opuszczać, zostawiaćleft
67%
opuszczać, zostawiaćleft
67%
jeździćride
67%
gubić, tracićlose
66%
wygrywaćwon
66%
wygrywaćwon
66%
pisaćwrite
66%
dzwonićring
65%
widziećseen
64%
mówićspeak
64%
brać, wziąćtake
64%
myślećthink
64%
kłaśćput
63%
kłaśćput
63%
kłaśćput
63%
jeździćrode
63%
dzwonićrang
62%
jeździćridden
62%
mówićspoke
62%
pisaćwrote
62%
rozumiećunderstand
61%
znaczyćmean
60%
dzwonićrung
60%
mówićspoken
60%
znaczyćmeant
59%
znaczyćmeant
59%
pokazywaćshow
59%
czuć, pachniećsmell
59%
uczyć (kogoś)teach
59%
kraśćsteal
58%
pisaćwritten
58%
spędzać, wydawaćspend
56%
staćstand
56%
brać, wziąćtaken
55%
brać, wziąćtook
55%
rozumiećunderstood
55%
pożyczaćlend
54%
pozwalaćlet
54%
pozwalaćlet
54%
pozwalaćlet
54%
spędzać, wydawaćspent
54%
spędzać, wydawaćspent
54%
kraśćstole
53%
myślećthought
53%
myślećthought
53%
rozumiećunderstood
53%
nosić, mieć na sobiewear
53%
kraśćstolen
51%
pożyczaćlent
49%
pożyczaćlent
48%
czuć, pachniećsmelt
48%
czuć, pachniećsmelt
48%
pokazywaćshowed
46%
pokazywaćshown
45%
rzucaćthrow
44%
nosić, mieć na sobiewore
44%
staćstood
43%
staćstood
43%
podnosić się,
wschodzić
rise
42%
rzucaćthrew
42%
podnosić się,
wschodzić
risen
40%
ustawiać,
zachodzić (o słońcu)
set
40%
ustawiać,
zachodzić (o słońcu)
set
40%
ustawiać,
zachodzić (o słońcu)
set
40%
uczyć (kogoś)taught
39%
uczyć (kogoś)taught
39%
podnosić się,
wschodzić
rose
38%
rzucaćthrown
38%
prowadzić, wieśćlead
35%
nosić, mieć na sobieworn
35%
prowadzić, wieśćled
34%
prowadzić, wieśćled
34%
zamykaćshut
34%
zamykaćshut
34%
zamykaćshut
34%
rezygnowaćquit
31%
rezygnowaćquit
31%
rezygnowaćquit
31%

Rozkład punktacji

Percentyl według liczby udzielonych odpowiedzi

Procent ludzi z każdym wynikiem

Twoja historia wyników

Nie rozwiązałeś tego quizu